000 00494cam a22001814a 4500
005 20250605163537.0
008 250528s ||||||||||||||||||||||||d
035 _a21437
040 _aGR-AtMCL
_bgre
_dGR-AtMCL
_eAACR2
245 1 _aΕΙΣΑΓΩΓΗ ΣΤΟ ΒΙΟΜΗΧΑΝΙΚΟ ΜΑΡΚΕΤΙΝΓΚ
250 _a2
260 _bΑ.Σταμουλης,
_c1991
300 _a160
700 1 _aΑυλωνιτης Γεωργιος Ι
942 _cBK
999 _c6499
_d6499